000 00648nam a2200193Ia 4500
005 20250508163252.0
008 008 250505s9999 xx 000 0 eng d
037 _aDissertations
040 _aFEDL
_beng
_cFEDL
041 _aeng
_2eng
084 _a155.25, AMA/DI
_qFEDL
100 _aAmarjit Kaur
245 0 _aStudy of achievement motivation in relation to personality dimension (extraversion introversion and scholastic achievement among the high school pupils
260 _c1986
300 _aiii,98p.
546 _aM. Ed. Dissertation (Delhi University)
942 _cDIS
_h155.25, AMA/DI
999 _c1381910
_d1381910